Detalles MARC
| 000 -LEADER |
| campo de control de longitud fija |
02948cam a22006854i 4500 |
| 003 - IDENTIFICADOR DE NÚMERO DE CONTROL |
| campo de control |
PE-LiUPU |
| 005 - FECHA Y HORA DE LA ÚLTIMA TRANSACCIÓN |
| campo de control |
20260422145945.0 |
| 008 - DATOS DE LONGITUD FIJA--INFORMACIÓN GENERAL |
| campo de control de longitud fija |
150706s2012 sp rb 000 0 spa d |
| 020 ## - NÚMERO INTERNACIONAL ESTÁNDAR DEL LIBRO |
| Número Internacional Estándar del Libro |
8436826914 |
| 020 ## - NÚMERO INTERNACIONAL ESTÁNDAR DEL LIBRO |
| Número Internacional Estándar del Libro |
9788436826913 |
| 035 ## - NÚMERO DE CONTROL DEL SISTEMA |
| Número de control de sistema |
(Sirsi) i9788436826913 |
| 040 ## - FUENTE DE CATALOGACIÓN |
| Centro catalogador/agencia de origen |
PE-LiUPU |
| Lengua de catalogación |
spa |
| Centro/agencia transcriptor |
PE-LiUPU |
| Normas de descripción |
rda |
| 049 ## - FONDOS LOCALES (OCLC) |
| Biblioteca depositaria |
PRUA |
| 082 04 - NÚMERO DE LA CLASIFICACIÓN DECIMAL DEWEY |
| Número de clasificación |
158.3 |
| Cutter |
P453m |
| 100 ## - ENTRADA PRINCIPAL--NOMBRE DE PERSONA |
| 9 (RLIN) |
405 |
| Nombre de persona |
Perpiñá, Conxa |
| Término indicativo de función/relación |
Coordinador |
| 245 00 - MENCIÓN DEL TÍTULO |
| Título |
Manual de la entrevista psicológica : |
| Resto del título |
Saber escuchar, saber preguntar / |
| Mención de responsabilidad, etc. |
Coordinadora, Conxa Perpiñá. |
| 250 ## - MENCION DE EDICION |
| Mención de edición |
1ra Edición |
| 264 #1 - PRODUCCIÓN, PUBLICACIÓN, DISTRIBUCIÓN, FABRICACIÓN Y COPYRIGHT |
| Producción, publicación, distribución, fabricación y copyright |
Madrid : |
| Nombre del de productor, editor, distribuidor, fabricante |
Pirámide, |
| Fecha de producción, publicación, distribución, fabricación o copyright |
2012. |
| 300 ## - DESCRIPCIÓN FÍSICA |
| Extensión |
431 páginas : |
| Otras características físicas |
ilustraciones ; |
| Dimensiones |
23 cm. |
| 336 ## - TIPO DE CONTENIDO |
| Término de tipo de contenido |
text |
| Fuente |
rdacontent |
| 337 ## - TIPO DE MEDIO |
| Nombre/término del tipo de medio |
unmediated |
| Fuente |
rdamedia |
| 338 ## - TIPO DE SOPORTE |
| Nombre/término del tipo de soporte |
volume |
| Fuente |
rdacarrier |
| 490 0# - MENCIÓN DE SERIE |
| Mención de serie |
Colección "Psicología". Sección Manuales prácticos. |
| 504 ## - NOTA DE BIBLIOGRAFÍA, ETC. |
| Nota de bibliografía, etc. |
Bibliografía: páginas 419-431. |
| 505 0# - NOTA DE CONTENIDO CON FORMATO |
| Nota de contenido con formato |
Qué -- Definición y aspectos conceptuales de la entrevista -- Cómo -- Condiciones previas de la entrevista -- La comunicación en la entrevista -- Técnicas de comunicación verbal -- La interacción en la entrevista -- El proceso de la entrevista -- La entrevista con niños y adolescentes -- Dónde. El ámbito de la entrevista: salud -- La función evaluadora de la entrevista -- La función de devolución de la entrevista -- La función motivadora de la entrevista -- La función de cambio de la entrevista: terapéutica -- Dónde. El ámbito de la entrevista: laboral La función de cambio de la entrevista: terapéutica -- Entrevista de selección -- Entrevista de marketing La función de cambio de la entrevista: terapéutica -- Dónde -- El ámbito de la entrevista: educativo -- Educativo y vocacional. |
| 526 ## - NOTA DE INFORMACIÓN SOBRE EL PROGRAMA DE ESTUDIO |
| Nombre del programa |
Segunda Especialidad De En Fermería En Cuidado De La Persona Con Diabetes Con Mención En Educación En Diabetes (Semipresencial) |
| 526 ## - NOTA DE INFORMACIÓN SOBRE EL PROGRAMA DE ESTUDIO |
| Nombre del programa |
Segunda Especialidad En Neuropsicología (Semipresencial) |
| 526 ## - NOTA DE INFORMACIÓN SOBRE EL PROGRAMA DE ESTUDIO |
| Nombre del programa |
Segunda Especialidad En Psicooncología Y Cuidados Paliativos (Semipresencial) |
| 526 ## - NOTA DE INFORMACIÓN SOBRE EL PROGRAMA DE ESTUDIO |
| Nombre del programa |
Segunda Especialidad En Psicología Clínica Y De La Salud (Semipresencial) |
| 526 ## - NOTA DE INFORMACIÓN SOBRE EL PROGRAMA DE ESTUDIO |
| Nombre del programa |
Segunda Especialidad En Psicología Clínica Y De La Salud |
| 526 ## - NOTA DE INFORMACIÓN SOBRE EL PROGRAMA DE ESTUDIO |
| Nombre del programa |
Derecho semipresencial |
| 526 ## - NOTA DE INFORMACIÓN SOBRE EL PROGRAMA DE ESTUDIO |
| Nombre del programa |
Derecho presencial |
| 526 ## - NOTA DE INFORMACIÓN SOBRE EL PROGRAMA DE ESTUDIO |
| Nombre del programa |
Psicología (A Distancia) |
| 526 ## - NOTA DE INFORMACIÓN SOBRE EL PROGRAMA DE ESTUDIO |
| Nombre del programa |
Maestría En Psicología Clínica Y De La Salud ( A Distancia) |
| 526 ## - NOTA DE INFORMACIÓN SOBRE EL PROGRAMA DE ESTUDIO |
| Nombre del programa |
Maestría En Educación Con Mención En Psicología Educativa (A Distancia) |
| 526 ## - NOTA DE INFORMACIÓN SOBRE EL PROGRAMA DE ESTUDIO |
| Nombre del programa |
Maestría En Terapia Familiar Y De Pareja (A Distancia) |
| 526 ## - NOTA DE INFORMACIÓN SOBRE EL PROGRAMA DE ESTUDIO |
| Nombre del programa |
Maestría En Psicología Clínica Y De La Salud (Semipresencial) |
| 526 ## - NOTA DE INFORMACIÓN SOBRE EL PROGRAMA DE ESTUDIO |
| Nombre del programa |
Maestría En Educación Con Mención En Psicología Educativa (Semipresencial) |
| 526 ## - NOTA DE INFORMACIÓN SOBRE EL PROGRAMA DE ESTUDIO |
| Nombre del programa |
Maestría En Terapia Familiar Y De Pareja (Semipresencial) |
| 526 ## - NOTA DE INFORMACIÓN SOBRE EL PROGRAMA DE ESTUDIO |
| Nombre del programa |
Psicología (Semipresencial) |
| 526 ## - NOTA DE INFORMACIÓN SOBRE EL PROGRAMA DE ESTUDIO |
| Nombre del programa |
Maestría en psicología clínica y de la salud |
| 526 ## - NOTA DE INFORMACIÓN SOBRE EL PROGRAMA DE ESTUDIO |
| Nombre del programa |
Maestría en educación con mención en Psicología educativa |
| 526 ## - NOTA DE INFORMACIÓN SOBRE EL PROGRAMA DE ESTUDIO |
| Nombre del programa |
Maestría en ciencias de la familia con mención en Terapia familiar |
| 526 ## - NOTA DE INFORMACIÓN SOBRE EL PROGRAMA DE ESTUDIO |
| Nombre del programa |
Teología |
| 526 ## - NOTA DE INFORMACIÓN SOBRE EL PROGRAMA DE ESTUDIO |
| Nombre del programa |
Psicología |
| 526 ## - NOTA DE INFORMACIÓN SOBRE EL PROGRAMA DE ESTUDIO |
| Nombre del programa |
Medicina humana |
| 650 00 - PUNTO DE ACCESO ADICIONAL DE MATERIA--TÉRMINO DE MATERIA |
| Término de materia o nombre geográfico como elemento de entrada |
Entrevista psicológica |
| Subdivisión de forma |
Manuales. |
| 9 (RLIN) |
409 |
| 650 00 - PUNTO DE ACCESO ADICIONAL DE MATERIA--TÉRMINO DE MATERIA |
| Término de materia o nombre geográfico como elemento de entrada |
Entrevista psicológica |
| Subdivisión general |
Metodología. |
| 9 (RLIN) |
410 |
| 650 00 - PUNTO DE ACCESO ADICIONAL DE MATERIA--TÉRMINO DE MATERIA |
| Término de materia o nombre geográfico como elemento de entrada |
Orientación psicológica. |
| 9 (RLIN) |
411 |
| 700 ## - ENTRADA AGREGADA--NOMBRE PERSONAL |
| Nombre de persona |
Labrador, Francisco |
| Término indicativo de función/relación |
Director |
| 9 (RLIN) |
406 |
| 700 ## - ENTRADA AGREGADA--NOMBRE PERSONAL |
| Nombre de persona |
Miguel, Anaí |
| Término indicativo de función/relación |
Diseño de Cubierta |
| 9 (RLIN) |
407 |
| 700 ## - ENTRADA AGREGADA--NOMBRE PERSONAL |
| Nombre de persona |
Barrasa, Ángel et al. |
| Término indicativo de función/relación |
Autor |
| 9 (RLIN) |
408 |
| 942 ## - ELEMENTOS DE ENTRADA SECUNDARIOS (KOHA) |
| Fuente del sistema de clasificación o colocación |
Clasificación Decimal Dewey |
| Tipo de ítem Koha |
|
| Suprimir en OPAC |
No |
| 980 ## - EQUIVALENCIA O REFERENCIA-CRUZADA-MENCIÓN DE SERIE--NOMBRE DE PERSONA/TÍTULO [LOCAL, CANADÁ] |
| ID del último usuario que modificó el registro |
18226 |
| Nombre del último usuario que modificó el registro |
Jaime Vilcazán Jefe de Análisis Documental |